Best Director Oscar - Sudden death - Statistics

General Stats
  • This quiz has been taken 2,876 times
  • The average score is 5 of 16
Answers on the Grid
Answers color-coded by a green-red scale on the quiz's grid according to % correct below.
Stanley Kubrick
Paul Thomas Anderson
Billy Wilder
Oliver Stone
Christopher Nolan
Francis Ford Coppola
Pedro Almodovar
David Lynch
Clint Eastwood
Joel Coen
Wes Anderson
John Huston
Alfred Hitchcock
Charles Chaplin
Alfonso Cuarón
Ingmar Bergman
Robert Altman
Alexander Payne
Steven Spielberg
Orson Welles
Elia Kazan
Howard Hawks
Roman Polanski
Martin Scorsese
David Fincher
Mike Nichols
Quentin Tarantino
Jane Campion
Bong Joon-ho
Ridley Scott
Woody Allen
Sidney Lumet
 
Answer Stats
Answer % Correct
Francis Ford Coppola
59%
Christopher Nolan
56%
Clint Eastwood
52%
Oliver Stone
45%
Steven Spielberg
39%
Billy Wilder
37%
Martin Scorsese
35%
Joel Coen
31%
Alfonso Cuarón
29%
Roman Polanski
28%
Bong Joon-ho
27%
Woody Allen
23%
John Huston
20%
Jane Campion
17%
Elia Kazan
16%
Mike Nichols
12%
No matching quizzes found
Score Distribution
Percent of People with Each Score
Percentile by Number Answered
Your Score History
You have not taken this quiz